000 00640nam a2200241Ia 4500
001 13221
005 20240113235435.0
007 ta
008 051103s1964 g b000 u asm u
040 _aCotton College,Assam
041 _aasm
082 _a891.4109
_bN 35 As
100 _aNeog, Dimbeshwar .
245 0 _aAsamiya Sahityar Buranji /
_cDimbeshwar Neog.
_hTextual Documents
250 _a5th ed. /
260 _aGuwahati :
_bShuwani Prakash ,
_c1964.
300 _a380p. ;
_c22cm.
653 _aAssamese Literature-History
653 _aG-Assamese
942 _2ddc
_cBK
999 _c13207
_d13207